000 00565nam a22001937a 4500
003 OSt
005 20190403103028.0
008 190403b xxu||||| |||| 00| 0 eng d
020 _a0194144658
040 _aLB-BrCRDP
082 _a820.7 M466n
100 _aDerwent James May,
245 _aA new introduction to English literature. Book 5
260 _aLondon
_bOxford Univ. Press
_c1973
300 _a139p
_c22cm
630 _a English language -- Textbooks for foreign speakers. English language.
700 _a Leslie Alexander Hill
942 _2ddc
_cBK
999 _c22751
_d22751